000 00248pab a2200109 454500
008 180718b xxu||||| |||| 00| 0 eng d
100 _aKapoor, H.L.
245 _aCombating Delhi Pollution
650 _aEnvironment
773 _aPatriot
909 _a22608
999 _c22608
_d22608